Colombia en Cifras 2011 / (Registro nro. 11731)

Detalles MARC
000 -LEADER
fixed length control field 01387nam a2200265Ia 4500
003 - CONTROL NUMBER IDENTIFIER
control field OSt
005 - DATE AND TIME OF LATEST TRANSACTION
control field 20210521115444.0
008 - FIXED-LENGTH DATA ELEMENTS--GENERAL INFORMATION
fixed length control field 210310s2012 ck abd gr 000 0 spa d
020 ## - INTERNATIONAL STANDARD BOOK NUMBER
International Standard Book Number 9789586241021
022 ## - INTERNATIONAL STANDARD SERIAL NUMBER
Source 17944317
040 ## - CATALOGING SOURCE
Original cataloging agency CO-JMCR
Transcribing agency CO-JMCR
041 0# - LANGUAGE CODE
Language code of text/sound track or separate title spa
082 ## - DEWEY DECIMAL CLASSIFICATION NUMBER
Classification number 310 056 /
Item number D179c
Edition number 23
110 2# - MAIN ENTRY--CORPORATE NAME
Corporate name or jurisdiction name as entry element Colombia.
Subordinate unit Departamento Administrativo Nacional de Estadísticas.
9 (RLIN) 37765
245 10 - TITLE STATEMENT
Title Colombia en Cifras 2011 /
Statement of responsibility, etc. Departamento Administrativo Nacional de Estadísticas
260 ## - PUBLICATION, DISTRIBUTION, ETC.
Place of publication, distribution, etc. Bogotá :
Name of publisher, distributor, etc. Dane,
Date of publication, distribution, etc. 2012.
300 ## - PHYSICAL DESCRIPTION
Extent 338 páginas :
Other physical details ilustraciones, gráficas y mapas a color ;
Dimensions 28 cm.
501 ## - WITH NOTE
With note Con : notas a pie de página.
504 ## - BIBLIOGRAPHY, ETC. NOTE
Bibliography, etc. note Bibliografía: páginas 331-332.
505 ## - FORMATTED CONTENTS NOTE
Formatted contents note Amazonas. -- Antioquia. -- Arauca. -- Archipiélago de San Andrés, Providencia y Santa Catalina. -- Atlántico. -- Bolívar. -- Boyacá. -- Caldas. -- Caquetá. -- Casanare. -- Cauca. -- Cesar. -- Chocó. -- Córdoba. -- Cundinamarca. -- Guainía. -- Guaviare. -- Huila. La Guajira. -- Magdalena. -- Meta. -- Nariño. -- Norte de Santander. -- Putumayo. -- Quindío. -- Risaralda. -- Santander. -- Sucre. -- Tolima. -- Valle del Cauca. -- Vaupés. -- Vichada.
650 14 - SUBJECT ADDED ENTRY--TOPICAL TERM
Topical term or geographic name entry element Demografía
Chronological subdivision 2011
Geographic subdivision Colombia
9 (RLIN) 37766
650 24 - SUBJECT ADDED ENTRY--TOPICAL TERM
Topical term or geographic name entry element Demografía económica
Chronological subdivision 2011
Geographic subdivision Colombia
9 (RLIN) 37767
650 24 - SUBJECT ADDED ENTRY--TOPICAL TERM
Topical term or geographic name entry element Economía departamental
Chronological subdivision Colombia
9 (RLIN) 37768
942 ## - ADDED ENTRY ELEMENTS (KOHA)
Source of classification or shelving scheme Dewey Decimal Classification
Koha item type Books
Existencias
Withdrawn status Lost status Source of classification or shelving scheme Damaged status Not for loan Home library Current library Shelving location Date acquired Source of acquisition Full call number Barcode Date last seen Copy number Price effective from Koha item type
    Dewey Decimal Classification     Biblioteca Pública José María del Castillo y Rada Biblioteca Pública José María del Castillo y Rada General Stacks 04/15/2018 Donación 310.056 / D179c 430013105 05/16/2024 Ej.1 03/10/2021 Books